| 000 | 00997nam a2200241 i 4500 | ||
|---|---|---|---|
| 001 | 92366 | ||
| 003 | ES-MaACL | ||
| 005 | 20240426063025.0 | ||
| 007 | t| | ||
| 008 | 050307s1921 sp |||| | spa d | ||
| 040 | _cES-MaACL | ||
| 080 | _a308-055.2(091) | ||
| 100 | 1 |
_aLillo, Victoriano, _9157149 _d1889-1959 _eaut |
|
| 245 | 1 | 1 |
_a¿Qué situación e influencia tuvo la mujer en las pasadas sociedades y cuáles tendrá en las próximas? : _bmemoria presentada a la Sección de Ciencias Morales y Políticas : leída en el Ateneo de Madrid el 9 de diciembre de 1921 / _cpor V. Lillo. |
| 260 |
_aMadrid : _b[s.n.], _c[1921?] _f(Gráf. "Ambos Mundos") |
||
| 300 |
_a29 páginas ; _c21 cm. |
||
| 610 | 2 | 4 |
_aAteneo de Madrid. _bSección de Ciencias Morales y Políticas- _vMemorias. _91986 |
| 650 | 0 | 4 |
_aMujeres- _xSituación social- _vHistoria. _9167789 |
| 852 |
_aES-MaACL _cDEPOF _j1665-F-9 |
||
| 942 |
_cFOLLETOS _n0 |
||
| 999 |
_c92366 _d92366 |
||